000 00707nam a2200229 i 4500
001 56503
003 ES-MaACL
005 20230906163402.0
007 t|
008 031009s1929 fr |||| | fre d
080 _a821.111-31"18"
100 1 _aDickens, Charles.
_944489
245 1 2 _aA Christmas carol =
_bUn chant de Noel /
_cCh. Dickens ; texte français par R. Gauillard avec le texte anglais en regard.
260 _aParis :
_bPayot,
_c1929.
300 _a290 p. ;
_c19 cm.
490 1 _aCollection des deux textes
700 1 _aGauillard, R.
_9149914
740 3 2 _aUn chant de Noel.
830 1 _aCollection des deux textes
_9182593
852 4 _aES-MaACL
_jA-2725
999 _c56503
_d56503